| 000 | 00435nam a2200157 i 4500 | ||
|---|---|---|---|
| 001 | 46321 | ||
| 003 | ES-MaACL | ||
| 005 | 20230906161349.0 | ||
| 007 | t| | ||
| 008 | 030328s1973 sp ||||1| spa d | ||
| 100 | 1 |
_aComelles, J. M. _939986 |
|
| 245 | 1 | 0 |
_aMagia y curanderismo en la medicina popular / _cJ. M. Comelles. |
| 260 |
_aBarcelona : _bRedondo, _c[1973] |
||
| 300 |
_a79 p. ; _c19 cm. |
||
| 852 |
_aES-MaACL _jC-53673 _bR.86555 |
||
| 999 |
_c46321 _d46321 |
||